| 000 | 00398nam a22001577a 4500 | ||
|---|---|---|---|
| 003 | SGT | ||
| 020 | _a9789395039864 | ||
| 082 |
_a615.7 _bB24C |
||
| 100 | _aCHAWLA, POOJA.A | ||
| 245 | _aBIOCHEMISTRY AND CLINICAL PATHOLOGY | ||
| 260 |
_aHYDERABAD _bPHARMA MED PRESS _c2024 |
||
| 300 | _a135 | ||
| 650 | _aBIOCHEMISTRY & PATHOLOGY | ||
| 653 | _aBIOCHEMISTRY, CLINICAL, PATHOLOGY | ||
| 942 |
_2ddc _cBK |
||
| 999 |
_c27013 _d27013 |
||